00501 2200181 4500001002100000005001500021035002000036008004100056245007100097100001800168260003900186300001300225020002200238084001400260082000800274650001800282990001900300INLIS00000000000155720240822024508 a0010-0724001557240822 0 ind 1 aBedeviled :bThe Good,The Bad, And The Ugly Dress /cShani Petroff aShani Petroff aJakarta :bPT Mizan Publika,c2011 a245 hlm. a978-979-433-643-4 a823 PET b a823 4aFiksi Inggris aP29/CP/24/1557